01010nam a2200253 a 450000100100000000500170001000800410002702000150006804000250008304100380010808200150014624000380016124501790019926000320037830000210041049000300043153400480046170000340050970000370054383000370058004900090061795201130062699900170073900002556120200930023858.0110216s1977 sp r 000 | spa d a8474323169 aDO-SdBNPbspacBNPHU aspaheng2Código de idioma MARC axxxbC244d 0aDemocratic capitalism?lEspañol10a¿Qué es el capitalismo democratico? :besclarecedores ensayos para una definición de este polémico tema /ccompilación Fred E. Baumann; traducción Emilio Lloveras. aBarcelona :bGedisa,c1977. a207 p. ;c22 cm.1 aLa Sociedad en Cuestión aTítulo original :tDemocratic capitalism?1 aLloveras, Emilio,etr.9522331 aBaumann, Fred E. ,ecomp.952234 0aLa Sociedad en Cuestión947358 aBNGR 001050718MOaGRbGRcCTd2011-02-17iLF1l0oxxx C244dp25561-10r2020-06-25w2020-06-25y1ZNo se presta c25053d25053